[Event "Hastings Masters 2016/17"]
[Site "Hastings, England"]
[Date "2017.01.01"]
[Round "5.10"]
[White "Gormally, Daniel W"]
[Black "Vaishali, R"]
[Result "1-0"]
[WhiteElo "2493"]
[BlackElo "2254"]
[PlyCount "0"]
[EventDate "2016.12.28"]

1. e4 {[%clk 1:40:57]} e5 {[%clk 1:40:41]} 2. Nf3 {[%clk 1:40:57]} Nc6
{[%clk 1:41:05]} 3. d4 {[%clk 1:41:18]} exd4 {[%clk 1:41:27]} 4. Nxd4
{[%clk 1:41:38]} Nf6 {[%clk 1:41:45]} 5. Nxc6 {[%clk 1:41:22]} bxc6
{[%clk 1:42:13]} 6. Qe2 {[%clk 1:41:44]} d6 {[%clk 1:41:03]} 7. Nc3
{[%clk 1:41:18]} Be7 {[%clk 1:41:26]} 8. Be3 {[%clk 1:41:30]} O-O
{[%clk 1:40:57]} 9. O-O-O {[%clk 1:41:50]} Ng4 {[%clk 1:36:37]} 10. Bd2
{[%clk 1:41:49]} Ne5 {[%clk 1:29:01]} 11. h3 {[%clk 1:41:19]} a5 {[%clk 1:22:09]}
12. f4 {[%clk 1:39:51]} Ba6 {[%clk 1:21:53]} 13. Qf2 {[%clk 1:40:07]} Nc4
{[%clk 1:20:16]} 14. Bxc4 {[%clk 1:38:54]} Bxc4 {[%clk 1:20:43]} 15. b3
{[%clk 1:39:16]} d5 {[%clk 1:13:33]} 16. Kb1 {[%clk 1:30:44]} d4 {[%clk 0:58:36]}
17. Bc1 {[%clk 1:29:59]} c5 {[%clk 0:46:55]} 18. bxc4 {[%clk 1:27:58]} Qb8+
{[%clk 0:46:54]} 19. Nb5 {[%clk 1:27:44]} c6 {[%clk 0:46:54]} 20. a4
{[%clk 1:27:56]} cxb5 {[%clk 0:46:04]} 21. cxb5 {[%clk 1:27:23]} Qb7
{[%clk 0:37:43]} 22. Qe2 {[%clk 1:24:51]} Rfe8 {[%clk 0:33:38]} 23. Bb2
{[%clk 1:21:44]} Rac8 {[%clk 0:29:47]} 24. e5 {[%clk 1:15:02]} Qd5
{[%clk 0:22:00]} 25. g4 {[%clk 1:06:56]} Bd8 {[%clk 0:19:55]} 26. Rhe1
{[%clk 1:03:30]} Bh4 {[%clk 0:18:23]} 27. c4 {[%clk 0:55:46]} Qd7
{[%clk 0:16:05]} 28. Rg1 {[%clk 0:50:41]} f6 {[%clk 0:14:19]} 29. Bc1
{[%clk 0:46:52]} Rcd8 {[%clk 0:09:33]} 30. Rgf1 {[%clk 0:41:38]} fxe5
{[%clk 0:06:13]} 31. fxe5 {[%clk 0:42:02]} Qe6 {[%clk 0:06:08]} 32. Qd3
{[%clk 0:40:13]} Qxe5 {[%clk 0:03:10]} 33. Rf5 {[%clk 0:37:53]} Qe7
{[%clk 0:03:03]} 34. Rdf1 {[%clk 0:36:14]} g6 {[%clk 0:02:36]} 35. R5f3
{[%clk 0:34:40]} Bg5 {[%clk 0:02:15]} 36. Rf7 {[%clk 0:31:04]} Qe5
{[%clk 0:02:36]} 37. Ba3 {[%clk 0:21:36]} Qe1+ {[%clk 0:00:45]} 38. Rxe1
{[%clk 0:19:40]} Rxe1+ {[%clk 0:01:12]} 39. Ka2 {[%clk 0:19:27]} Kxf7
{[%clk 0:01:40]} 40. Bxc5 {[%clk 0:19:28]} Rde8 {[%clk 0:00:42]} 41. Qf3+
{[%clk 0:14:00]} Kg7 {[%clk 0:48:06]} 42. Bxd4+ {[%clk 1:03:08]} Kh6
{[%clk 0:48:32]} 43. Qf7 {[%clk 1:00:20]} R8e2+ {[%clk 0:37:24]} 44. Bb2
{[%clk 0:58:51]} Be7 {[%clk 0:32:20]} 45. Qf4+ {[%clk 0:57:04]} g5
{[%clk 0:32:48]} 46. Qf7 {[%clk 0:56:37]} Rxb2+ {[%clk 0:32:38]} 47. Kxb2
{[%clk 0:57:01]} Ba3+ {[%clk 0:33:02]} 48. Kc2 {[%clk 0:56:36]} Rc1+
{[%clk 0:33:20]} 49. Kd2 {[%clk 0:56:47]} 1-0

[Event "Hastings Masters 2016/17"]
[Site "Hastings, England"]
[Date "2017.01.01"]
[Round "5.11"]
[White "Hansen, Mads"]
[Black "Prosviriakov, Vladimir"]
[Result "1-0"]
[WhiteElo "2452"]
[BlackElo "2236"]
[PlyCount "0"]
[EventDate "2016.12.28"]

1. e4 {[%clk 1:40:57]} e5 {[%clk 1:40:22]} 2. Nf3 {[%clk 1:41:22]} Nc6
{[%clk 1:40:38]} 3. Bb5 {[%clk 1:41:45]} Nd4 {[%clk 1:40:18]} 4. Nxd4
{[%clk 1:42:09]} exd4 {[%clk 1:40:39]} 5. O-O {[%clk 1:42:35]} Bc5
{[%clk 1:40:52]} 6. Bc4 {[%clk 1:43:00]} d6 {[%clk 1:40:47]} 7. d3
{[%clk 1:42:36]} Nf6 {[%clk 1:35:52]} 8. Bg5 {[%clk 1:42:49]} Be6
{[%clk 1:33:55]} 9. Nd2 {[%clk 1:42:46]} h6 {[%clk 1:31:53]} 10. Bh4
{[%clk 1:40:14]} Qe7 {[%clk 1:27:37]} 11. f4 {[%clk 1:19:34]} g5 {[%clk 1:26:17]}
12. Bxe6 {[%clk 1:16:20]} Qxe6 {[%clk 1:25:19]} 13. f5 {[%clk 1:15:50]} Qe7
{[%clk 1:25:14]} 14. Bf2 {[%clk 1:15:50]} O-O-O {[%clk 1:23:47]} 15. b4
{[%clk 1:08:56]} Bxb4 {[%clk 1:17:26]} 16. Bxd4 {[%clk 1:08:05]} Bxd2
{[%clk 1:09:20]} 17. Qxd2 {[%clk 1:08:33]} Rhe8 {[%clk 1:05:39]} 18. Qa5
{[%clk 1:01:03]} a6 {[%clk 1:03:25]} 19. Rab1 {[%clk 1:00:49]} Ng4
{[%clk 0:59:22]} 20. Rxb7 {[%clk 0:57:44]} Kxb7 {[%clk 0:56:11]} 21. Rb1+
{[%clk 0:58:08]} Kc8 {[%clk 0:56:28]} 22. Qxa6+ {[%clk 0:58:32]} Kd7
{[%clk 0:56:46]} 23. Qa4+ {[%clk 0:58:55]} Kc8 {[%clk 0:56:24]} 24. Ba7
{[%clk 0:59:12]} 1-0

[Event "Hastings Masters 2016/17"]
[Site "Hastings, England"]
[Date "2017.01.01"]
[Round "5.12"]
[White "Player, Edmund C"]
[Black "Arkell, Keith C"]
[Result "1/2-1/2"]
[WhiteElo "2239"]
[BlackElo "2447"]
[PlyCount "0"]
[EventDate "2016.12.28"]

1. e4 {[%clk 1:40:57]} c6 {[%clk 1:35:13]} 2. d4 {[%clk 1:41:20]} d5
{[%clk 1:35:38]} 3. Nd2 {[%clk 1:41:44]} dxe4 {[%clk 1:36:04]} 4. Nxe4
{[%clk 1:42:09]} Nd7 {[%clk 1:36:28]} 5. Ng5 {[%clk 1:42:18]} Ngf6
{[%clk 1:36:51]} 6. Bd3 {[%clk 1:42:29]} Nb6 {[%clk 1:36:57]} 7. N1f3
{[%clk 1:41:08]} h6 {[%clk 1:37:21]} 8. Ne4 {[%clk 1:41:15]} Nxe4
{[%clk 1:37:46]} 9. Bxe4 {[%clk 1:41:40]} Bg4 {[%clk 1:38:06]} 10. c3
{[%clk 1:37:11]} g6 {[%clk 1:38:04]} 11. Qc2 {[%clk 1:33:25]} Bxf3
{[%clk 1:38:24]} 12. Bxf3 {[%clk 1:33:53]} Bg7 {[%clk 1:38:43]} 13. O-O
{[%clk 1:33:38]} O-O {[%clk 1:39:06]} 14. Re1 {[%clk 1:31:34]} Qc7
{[%clk 1:39:00]} 15. Qe4 {[%clk 1:20:22]} e6 {[%clk 1:36:59]} 16. Bf4
{[%clk 1:16:56]} Qe7 {[%clk 1:35:57]} 17. Be5 {[%clk 1:07:34]} Rfd8
{[%clk 1:36:05]} 18. Bxg7 {[%clk 1:00:45]} Kxg7 {[%clk 1:36:30]} 19. Qc2
{[%clk 0:53:55]} Rd7 {[%clk 1:36:41]} 20. Re5 {[%clk 0:49:36]} Nc4
{[%clk 1:36:03]} 21. Re2 {[%clk 0:49:27]} a5 {[%clk 1:33:40]} 22. Rae1
{[%clk 0:38:54]} a4 {[%clk 1:31:59]} 23. a3 {[%clk 0:33:38]} Qf6 {[%clk 1:29:38]}
24. Be4 {[%clk 0:32:58]} Nb6 {[%clk 1:28:24]} 25. Re3 {[%clk 0:30:54]} Nd5
{[%clk 1:28:23]} 26. Rf3 {[%clk 0:28:57]} Qe7 {[%clk 1:26:58]} 27. Qe2
{[%clk 0:26:12]} Nf6 {[%clk 1:26:48]} 28. Bc2 {[%clk 0:19:53]} b5
{[%clk 1:26:44]} 29. Re3 {[%clk 0:18:39]} Rad8 {[%clk 1:26:13]} 30. Re5
{[%clk 0:13:39]} Nd5 {[%clk 1:26:21]} 31. g3 {[%clk 0:06:11]} Rd6
{[%clk 1:26:06]} 32. Bd3 {[%clk 0:05:51]} Nb6 {[%clk 1:25:31]} 33. Qc2
{[%clk 0:05:31]} Nd7 {[%clk 1:25:27]} 34. R5e2 {[%clk 0:04:37]} Qf6
{[%clk 1:25:15]} 35. Re3 {[%clk 0:04:33]} c5 {[%clk 1:23:18]} 36. Bxb5
{[%clk 0:03:54]} cxd4 {[%clk 1:23:42]} 37. cxd4 {[%clk 0:03:03]} Rxd4
{[%clk 1:24:07]} 38. Bxd7 {[%clk 0:02:37]} R8xd7 {[%clk 1:24:30]} 39. Qc3
{[%clk 0:02:12]} Rd2 {[%clk 1:21:00]} 40. Qxf6+ {[%clk 0:01:45]} Kxf6
{[%clk 1:21:28]} 41. b3 {[%clk 0:00:31]} axb3 {[%clk 1:20:34]} 42. Rxb3
{[%clk 0:49:20]} Ra2 {[%clk 2:10:59]} 43. Rf3+ {[%clk 0:48:38]} Kg7
{[%clk 2:11:23]} 44. Ree3 {[%clk 0:43:18]} g5 {[%clk 2:11:47]} 45. Rd3
{[%clk 0:42:50]} g4 {[%clk 2:10:34]} 46. Rfe3 {[%clk 0:42:48]} Ra7
{[%clk 2:07:22]} 47. Rb3 {[%clk 0:41:37]} Kg6 {[%clk 2:05:08]} 48. Rb4
{[%clk 0:38:08]} h5 {[%clk 2:05:30]} 49. Rbb3 {[%clk 0:38:10]} Ra5
{[%clk 2:05:34]} 50. Kf1 {[%clk 0:34:23]} Rf5 {[%clk 2:05:26]} 51. Re2
{[%clk 0:34:15]} Ra1+ {[%clk 2:05:51]} 52. Re1 {[%clk 0:34:20]} Rxe1+
{[%clk 2:05:54]} 53. Kxe1 {[%clk 0:34:49]} Ra5 {[%clk 2:06:16]} 54. Kf1
{[%clk 0:33:48]} Kg5 {[%clk 2:05:01]} 55. Kg2 {[%clk 0:33:31]} e5
{[%clk 2:04:27]} 56. h3 {[%clk 0:30:46]} f6 {[%clk 2:04:38]} 57. Rc3
{[%clk 0:30:31]} Ra6 {[%clk 2:04:47]} 58. Re3 {[%clk 0:30:06]} Ra4
{[%clk 2:04:57]} 59. Rb3 {[%clk 0:29:54]} Ra7 {[%clk 2:04:09]} 60. Re3
{[%clk 0:30:04]} Ra6 {[%clk 2:04:23]} 61. Rb3 {[%clk 0:28:04]} f5
{[%clk 2:04:44]} 62. h4+ {[%clk 0:24:05]} Kf6 {[%clk 2:05:24]} 63. Rb4
{[%clk 0:24:31]} Rxa3 {[%clk 2:05:31]} 64. Rb6+ {[%clk 0:24:31]} Ke7 65. Rh6
{[%clk 0:23:20]} f4 {[%clk 2:04:52]} 66. gxf4 {[%clk 0:22:15]} exf4
{[%clk 2:05:18]} 67. Rxh5 {[%clk 0:20:04]} Rh3 {[%clk 2:05:27]} 68. Rh6
{[%clk 0:18:15]} Ke8 {[%clk 1:59:31]} 69. h5 {[%clk 0:14:20]} Kf7
{[%clk 1:59:44]} 70. Rg6 {[%clk 0:13:14]} f3+ {[%clk 2:00:08]} 71. Kg1
{[%clk 0:13:28]} Rh4 {[%clk 2:00:33]} 72. Rg5 {[%clk 0:07:10]} Kf6
{[%clk 2:00:55]} 73. Ra5 {[%clk 0:07:06]} Kg7 {[%clk 2:01:15]} 74. Ra7+
{[%clk 0:07:15]} Kh6 {[%clk 2:01:28]} 75. Ra6+ {[%clk 0:07:44]} Kxh5
{[%clk 2:01:50]} 76. Ra5+ {[%clk 0:08:11]} Kg6 {[%clk 2:02:14]} 77. Ra6+
{[%clk 0:08:39]} Kf5 {[%clk 2:02:39]} 78. Ra5+ {[%clk 0:09:07]} Ke6
{[%clk 2:02:26]} 79. Ra6+ {[%clk 0:09:36]} Kd7 {[%clk 2:02:35]} 80. Ra7+
{[%clk 0:10:05]} Kc6 {[%clk 2:02:59]} 81. Ra4 {[%clk 0:08:48]} Kc5
{[%clk 2:03:22]} 82. Rf4 {[%clk 0:08:52]} Kd5 {[%clk 2:03:12]} 83. Ra4
{[%clk 0:08:57]} Ke5 {[%clk 2:03:38]} 84. Ra5+ {[%clk 0:07:33]} Kd4
{[%clk 2:04:02]} 85. Rg5 {[%clk 0:05:41]} Kd3 {[%clk 2:04:08]} 86. Rg8
{[%clk 0:05:17]} Ke4 {[%clk 2:04:21]} 87. Re8+ {[%clk 0:05:01]} Kf5
{[%clk 2:04:45]} 88. Rf8+ {[%clk 0:05:17]} Ke5 {[%clk 2:05:07]} 89. Re8+
{[%clk 0:04:37]} Kf6 {[%clk 2:05:29]} 90. Rf8+ {[%clk 0:04:37]} Kg6
{[%clk 2:05:41]} 91. Rg8+ {[%clk 0:04:35]} Kf7 {[%clk 2:05:58]} 92. Rg5
{[%clk 0:04:49]} Ke6 {[%clk 2:05:32]} 93. Rg8 {[%clk 0:04:21]} Kf6
{[%clk 2:05:30]} 94. Rf8+ {[%clk 0:04:37]} Kg6 {[%clk 2:04:23]} 95. Rg8+
{[%clk 0:04:51]} Kf7 {[%clk 1:58:31]} 96. Rg5 {[%clk 0:05:16]} Ke7
{[%clk 1:58:36]} 97. Rg8 {[%clk 0:04:13]} Ke6 {[%clk 1:58:49]} 98. Re8+
{[%clk 0:04:00]} Kf6 {[%clk 1:58:10]} 1/2-1/2

[Event "Hastings Masters 2016/17"]
[Site "Hastings, England"]
[Date "2017.01.01"]
[Round "5.13"]
[White "Cheng, Bobby"]
[Black "Marzano, Carlo"]
[Result "1-0"]
[WhiteElo "2446"]
[BlackElo "2186"]
[PlyCount "0"]
[EventDate "2016.12.28"]

1. Nf3 {[%clk 1:40:17]} Nf6 {[%clk 1:40:47]} 2. g3 {[%clk 1:40:02]} g6
{[%clk 1:39:56]} 3. b3 {[%clk 1:39:00]} Bg7 {[%clk 1:40:09]} 4. Bb2
{[%clk 1:39:26]} d6 {[%clk 1:40:22]} 5. d4 {[%clk 1:39:44]} c5 {[%clk 1:39:59]}
6. Bg2 {[%clk 1:38:37]} cxd4 {[%clk 1:40:12]} 7. Nxd4 {[%clk 1:38:48]} d5
{[%clk 1:40:26]} 8. O-O {[%clk 1:37:51]} O-O {[%clk 1:40:43]} 9. c4
{[%clk 1:34:42]} dxc4 {[%clk 1:40:14]} 10. bxc4 {[%clk 1:35:06]} Qb6
{[%clk 1:40:20]} 11. Qb3 {[%clk 1:31:21]} Nfd7 {[%clk 1:40:30]} 12. Rd1
{[%clk 1:06:27]} e5 {[%clk 1:21:20]} 13. Nb5 {[%clk 0:55:57]} Nc5
{[%clk 1:21:06]} 14. Qe3 {[%clk 0:56:13]} Na4 {[%clk 1:05:28]} 15. Ba3
{[%clk 0:45:58]} Rd8 {[%clk 0:52:57]} 16. N1c3 {[%clk 0:45:33]} Nxc3
{[%clk 0:42:27]} 17. Qxb6 {[%clk 0:45:08]} Rxd1+ {[%clk 0:42:28]} 18. Rxd1
{[%clk 0:45:35]} 1-0

[Event "Hastings Masters 2016/17"]
[Site "Hastings, England"]
[Date "2017.01.01"]
[Round "5.14"]
[White "Das, Arghyadip"]
[Black "Taylor, Adam C"]
[Result "1/2-1/2"]
[WhiteElo "2399"]
[BlackElo "2212"]
[PlyCount "0"]
[EventDate "2016.12.28"]

*1. e4 {[%clk 1:40:57]} e5 {[%clk 1:40:28]} 2. Nf3 {[%clk 1:40:15]} Nc6
{[%clk 1:40:48]} 3. d4 {[%clk 1:40:42]} exd4 {[%clk 1:41:13]} 4. Bc4
{[%clk 1:41:09]} Nf6 {[%clk 1:40:16]} 5. e5 {[%clk 1:41:29]} d5 {[%clk 1:40:41]}
6. Bb5 {[%clk 1:41:40]} Ne4 {[%clk 1:41:04]} 7. Nxd4 {[%clk 1:41:44]} Bd7
{[%clk 1:39:59]} 8. Bxc6 {[%clk 1:41:32]} bxc6 {[%clk 1:40:22]} 9. O-O
{[%clk 1:41:27]} Bc5 {[%clk 1:39:59]} 10. Be3 {[%clk 1:40:01]} O-O
{[%clk 1:37:55]} 11. f3 {[%clk 1:35:13]} Ng5 {[%clk 1:38:20]} 12. Nd2
{[%clk 1:33:11]} Bb6 {[%clk 1:32:01]} 13. f4 {[%clk 1:28:09]} Ne6
{[%clk 1:32:24]} 14. N2b3 {[%clk 1:28:29]} f6 {[%clk 1:27:00]} 15. exf6
{[%clk 1:19:02]} Qxf6 {[%clk 1:26:50]} 16. Qd2 {[%clk 1:18:26]} Rae8
{[%clk 1:15:41]} 17. c3 {[%clk 1:13:15]} Nxd4 {[%clk 1:14:46]} 18. Bxd4
{[%clk 1:13:00]} Re4 {[%clk 1:14:48]} 19. Nc5 {[%clk 1:03:20]} Bxc5
{[%clk 1:15:11]} 20. Bxc5 {[%clk 1:03:47]} Rfe8 {[%clk 1:15:35]} 21. Rf2
{[%clk 1:01:42]} a6 {[%clk 1:14:36]} 22. f5 {[%clk 0:54:21]} Bxf5
{[%clk 0:43:33]} 23. h3 {[%clk 0:36:56]} Qg6 {[%clk 0:37:10]} 24. Raf1 h6 25. Kh2
{[%clk 0:35:25]} R4e6 {[%clk 0:25:27]} 1/2-1/2

[Event "Hastings Masters 2016/17"]
[Site "Hastings, England"]
[Date "2017.01.01"]
[Round "5.15"]
[White "Ledger, Andrew J"]
[Black "Thogersen, Rasmus"]
[Result "1/2-1/2"]
[WhiteElo "2377"]
[BlackElo "2161"]
[PlyCount "0"]
[EventDate "2016.12.28"]

*1. d4 {[%clk 1:40:56]} Nf6 {[%clk 1:40:52]} 2. c4 {[%clk 1:41:22]} g6
{[%clk 1:41:02]} 3. Nc3 {[%clk 1:41:28]} Bg7 {[%clk 1:41:18]} 4. e4
{[%clk 1:41:39]} d6 {[%clk 1:41:43]} 5. Nf3 {[%clk 1:41:20]} O-O {[%clk 1:42:03]}
6. Be2 {[%clk 1:41:39]} e5 {[%clk 1:42:27]} 7. Be3 {[%clk 1:41:14]} Ng4
{[%clk 1:42:37]} 8. Bg5 {[%clk 1:41:37]} f6 {[%clk 1:42:57]} 9. Bh4
{[%clk 1:41:36]} Nc6 {[%clk 1:41:16]} 10. d5 {[%clk 1:41:17]} Ne7
{[%clk 1:41:40]} 11. Nd2 {[%clk 1:41:22]} Nh6 {[%clk 1:41:15]} 12. f3
{[%clk 1:40:34]} f5 {[%clk 1:40:27]} 13. O-O {[%clk 1:37:02]} Nf7
{[%clk 1:38:16]} 14. b4 {[%clk 1:28:32]} f4 {[%clk 1:34:54]} 15. c5
{[%clk 1:26:33]} g5 {[%clk 1:33:21]} 16. Bf2 {[%clk 1:26:44]} h5 {[%clk 1:31:23]}
17. Rc1 {[%clk 1:24:53]} Ng6 {[%clk 1:18:31]} 18. a4 {[%clk 1:15:40]} Bf6
{[%clk 1:10:29]} 19. a5 {[%clk 1:12:28]} Be7 {[%clk 1:05:06]} 20. Nb5
{[%clk 1:02:36]} a6 {[%clk 1:02:53]} 21. cxd6 {[%clk 0:58:48]} Bxd6
{[%clk 0:52:00]} 22. Nxd6 {[%clk 0:59:06]} Nxd6 {[%clk 0:52:01]} 23. Nc4
{[%clk 0:51:14]} Rf7 {[%clk 0:48:11]} 24. Bc5 {[%clk 0:47:55]} Rg7
{[%clk 0:43:11]} 25. Bxd6 {[%clk 0:34:55]} cxd6 {[%clk 0:43:35]} 26. Nb6
{[%clk 0:35:12]} Rb8 {[%clk 0:43:51]} 27. Qc2 {[%clk 0:34:55]} Bd7
{[%clk 0:40:59]} 28. Qc7 {[%clk 0:34:08]} Be8 {[%clk 0:39:43]} 29. Qxd8
{[%clk 0:33:10]} Rxd8 {[%clk 0:40:07]} 30. Rc8 {[%clk 0:23:19]} Rxc8
{[%clk 0:39:06]} 31. Nxc8 {[%clk 0:23:44]} Rc7 {[%clk 0:32:42]} 32. Nxd6
{[%clk 0:24:08]} Kf8 {[%clk 0:28:28]} 33. Rb1 {[%clk 0:20:41]} Ke7
{[%clk 0:25:22]} 34. Nc4 {[%clk 0:17:59]} Rc8 {[%clk 0:22:14]} 35. Rd1
{[%clk 0:10:28]} Bb5 {[%clk 0:15:50]} 36. Nb6 {[%clk 0:08:30]} Rc2
{[%clk 0:16:04]} 37. Bxb5 {[%clk 0:05:48]} axb5 {[%clk 0:16:28]} 38. d6+
{[%clk 0:06:11]} Kd8 {[%clk 0:16:52]} 39. g3 {[%clk 0:04:11]} h4 {[%clk 0:04:37]}
40. Rd5 {[%clk 0:02:00]} Rc1+ {[%clk 0:01:17]} 41. Kg2 {[%clk 0:44:14]} Rc2+
{[%clk 0:46:53]} 42. Kg1 {[%clk 0:41:58]} Rc1+ {[%clk 0:44:15]} 1/2-1/2

[Event "Hastings Masters 2016/17"]
[Site "Hastings, England"]
[Date "2017.01.01"]
[Round "5.16"]
[White "Eames, Robert S"]
[Black "Batchelor, Peter J"]
[Result "0-1"]
[WhiteElo "2187"]
[BlackElo "2365"]
[PlyCount "0"]
[EventDate "2016.12.28"]

*1. e4 {[%clk 1:40:41]} e6 {[%clk 1:40:11]} 2. d4 {[%clk 1:40:57]} d5
{[%clk 1:40:35]} 3. Nc3 {[%clk 1:41:08]} Nf6 {[%clk 1:40:33]} 4. Bg5
{[%clk 1:40:11]} dxe4 {[%clk 1:40:48]} 5. Nxe4 {[%clk 1:40:11]} Be7
{[%clk 1:41:10]} 6. Bxf6 {[%clk 1:40:18]} gxf6 {[%clk 1:41:35]} 7. Bc4
{[%clk 1:38:32]} f5 {[%clk 1:36:02]} 8. Ng3 {[%clk 1:38:04]} a6 {[%clk 1:34:16]}
9. Nf3 {[%clk 1:33:44]} b5 {[%clk 1:30:20]} 10. Bb3 {[%clk 1:33:41]} Bb7
{[%clk 1:26:57]} 11. Qe2 {[%clk 1:31:59]} c5 {[%clk 1:24:11]} 12. dxc5
{[%clk 1:29:29]} Nc6 {[%clk 1:17:51]} 13. Rd1 {[%clk 1:26:25]} Qc7
{[%clk 1:15:18]} 14. O-O {[%clk 1:20:18]} Rd8 {[%clk 1:01:27]} 15. Bxe6
{[%clk 1:14:28]} fxe6 {[%clk 1:01:28]} 16. Qxe6 {[%clk 1:14:17]} Rxd1
{[%clk 0:58:56]} 17. Rxd1 {[%clk 1:13:59]} Bc8 {[%clk 0:58:10]} 18. Qh6
{[%clk 1:11:56]} Ne5 {[%clk 0:52:49]} 19. Qh5+ {[%clk 1:06:30]} Ng6
{[%clk 0:50:55]} 20. Nxf5 {[%clk 0:54:10]} Qxc5 {[%clk 0:45:50]} 21. N3d4
{[%clk 0:46:07]} Bxf5 {[%clk 0:39:33]} 22. Nxf5 {[%clk 0:45:02]} O-O
{[%clk 0:38:04]} 23. Nxe7+ {[%clk 0:43:59]} Qxe7 {[%clk 0:38:25]} 24. Qd5+
{[%clk 0:44:10]} Kg7 {[%clk 0:36:58]} 25. g3 {[%clk 0:42:09]} Ne5
{[%clk 0:32:28]} 26. f4 {[%clk 0:35:19]} Qa7+ {[%clk 0:26:55]} 27. Kh1
{[%clk 0:30:20]} Nf7 {[%clk 0:24:17]} 28. Qd4+ {[%clk 0:27:01]} Qxd4
{[%clk 0:24:41]} 29. Rxd4 {[%clk 0:27:26]} Rd8 {[%clk 0:24:26]} 30. Rxd8
{[%clk 0:27:25]} Nxd8 {[%clk 0:24:51]} 31. Kg2 {[%clk 0:26:59]} Ne6
{[%clk 0:23:04]} 32. Kf3 {[%clk 0:26:30]} Nd4+ {[%clk 0:22:24]} 33. Ke4
{[%clk 0:26:53]} Nxc2 {[%clk 0:22:21]} 34. g4 {[%clk 0:25:29]} Nb4
{[%clk 0:21:33]} 35. a3 {[%clk 0:25:43]} Nc6 {[%clk 0:21:56]} 36. Kd5
{[%clk 0:24:29]} Na5 {[%clk 0:22:16]} 37. Ke6 {[%clk 0:22:15]} Kf8
{[%clk 0:20:27]} 38. g5 {[%clk 0:18:55]} Nc4 {[%clk 0:20:29]} 39. f5
{[%clk 0:17:27]} Nxb2 {[%clk 0:20:28]} 40. h4 {[%clk 0:17:49]} Nd3
{[%clk 0:19:27]} 0-1

[Event "Hastings Masters 2016/17"]
[Site "Hastings, England"]
[Date "2017.01.01"]
[Round "5.17"]
[White "Siva, Mahadevan"]
[Black "Anderson, John"]
[Result "1/2-1/2"]
[WhiteElo "2360"]
[BlackElo "2156"]
[PlyCount "0"]
[EventDate "2016.12.28"]

1. e4 e5 2. Nf3 Nf6 3. Nxe5 d6 4. Nf3 Nxe4 5. d4 d5 6. Bd3 Nc6 7. O-O Be7 8. c4
Nb4 9. Be2 O-O 10. Nc3 Bf5 11. a3 Nxc3 12. bxc3 Nc6 13. Re1 Re8 14. cxd5 Qxd5 15.
Bf4 Na5 16. Bxc7 Rac8 17. Qa4 b6 18. Bb5 Bc2 19. Qxc2 Qxb5 20. Bf4 Bf6 21. Rad1
h6 22. h3 Qc6 23. Rxe8+ Qxe8 24. d5 Rxc3 25. Qf5 Nb7 26. Bxh6 Nd6 27. Qf4 Qd8 28.
Bg5 Rxa3 29. Bxf6 Qxf6 30. Qb4 Ra1 31. Rxa1 Qxa1+ 32. Kh2 Qf6 33. Qa4 Qe7 34. Qc6
Ne8 35. g3 Kf8 36. Kg2 Qc7 37. Qa4 a5 38. Qe4 Nf6 39. Qh4 Kg8 40. Qd4 Qc5 41. Qe5
Qxd5 42. Qb8+ Kh7 43. Qxb6 a4 44. Qb4 Qe4 45. Qf8 Qd5 46. Qb4 1/2-1/2

[Event "Hastings Masters 2016/17"]
[Site "Hastings, England"]
[Date "2017.01.01"]
[Round "5.18"]
[White "Oyama, Akito"]
[Black "Webb, Laurence E"]
[Result "1/2-1/2"]
[WhiteElo "2191"]
[BlackElo "2300"]
[PlyCount "0"]
[EventDate "2016.12.28"]

1. c4 {[%clk 1:40:57]} e5 {[%clk 1:36:35]} 2. g3 {[%clk 1:41:16]} Nc6
{[%clk 1:36:37]} 3. Bg2 {[%clk 1:41:34]} f5 {[%clk 1:36:49]} 4. Nc3
{[%clk 1:41:55]} Nf6 {[%clk 1:36:46]} 5. d3 {[%clk 1:42:14]} Bb4 {[%clk 1:37:07]}
6. Bd2 {[%clk 1:42:35]} O-O {[%clk 1:37:21]} 7. a3 {[%clk 1:42:29]} Bxc3
{[%clk 1:37:08]} 8. Bxc3 {[%clk 1:42:54]} d6 {[%clk 1:37:31]} 9. b4
{[%clk 1:43:02]} Qe7 {[%clk 1:31:19]} 10. b5 {[%clk 1:19:55]} Nd8
{[%clk 1:25:19]} 11. Ra2 {[%clk 1:03:04]} Ne6 {[%clk 1:15:40]} 12. Nf3
{[%clk 0:58:40]} e4 {[%clk 1:07:05]} 13. Nd4 {[%clk 0:58:24]} Nc5
{[%clk 1:03:37]} 14. O-O {[%clk 0:58:05]} Bd7 {[%clk 0:59:37]} 15. Nb3
{[%clk 0:55:33]} Nxb3 {[%clk 0:53:58]} 16. Qxb3 {[%clk 0:56:01]} Rae8
{[%clk 0:53:04]} 17. Rc2 {[%clk 0:54:08]} Kh8 {[%clk 0:51:07]} 18. Bd4
{[%clk 0:50:22]} b6 {[%clk 0:50:23]} 19. a4 {[%clk 0:50:16]} Ng4 {[%clk 0:40:16]}
20. f4 {[%clk 0:46:49]} exd3 {[%clk 0:36:20]} 21. exd3 {[%clk 0:46:41]} Qf7
{[%clk 0:35:23]} 22. Qc3 {[%clk 0:36:52]} Ne3 {[%clk 0:34:43]} 23. Bxe3
{[%clk 0:37:17]} Rxe3 {[%clk 0:35:06]} 24. a5 {[%clk 0:36:44]} Rfe8
{[%clk 0:32:16]} 25. axb6 {[%clk 0:36:40]} axb6 {[%clk 0:32:40]} 26. Rcf2
{[%clk 0:35:57]} h6 {[%clk 0:31:08]} 27. Bd5 {[%clk 0:34:53]} Be6
{[%clk 0:29:12]} 28. Bc6 {[%clk 0:35:07]} Bd7 {[%clk 0:29:16]} 29. Bd5
{[%clk 0:35:25]} Qe7 {[%clk 0:28:38]} 30. Kg2 {[%clk 0:34:40]} Kh7
{[%clk 0:27:26]} 31. Ra1 {[%clk 0:30:27]} Re2 {[%clk 0:18:30]} 32. Bf3
{[%clk 0:30:37]} Re3 {[%clk 0:12:35]} 33. Bd5 {[%clk 0:30:58]} Be6
{[%clk 0:09:47]} 34. Bc6 {[%clk 0:31:18]} Bd7 {[%clk 0:09:25]} 35. Bd5 1/2-1/2

[Event "Hastings Masters 2016/17"]
[Site "Hastings, England"]
[Date "2017.01.01"]
[Round "5.19"]
[White "Byron, Alan M"]
[Black "Teh, Eu Wen Aron"]
[Result "0-1"]
[WhiteElo "2131"]
[BlackElo "2279"]
[PlyCount "0"]
[EventDate "2016.12.28"]

1. e4 e6 2. d4 d5 3. Nc3 Bb4 4. e5 c5 5. a3 Bxc3+ 6. bxc3 Ne7 7. Qg4 O-O 8. Bd3
Nbc6 9. Nf3 f5 10. exf6 Rxf6 11. Qh5 h6 12. O-O c4 13. Be2 Bd7 14. Ne5 Nxe5 15.
Qxe5 Nc6 16. Qg3 Qb8 17. Qxb8+ Rxb8 18. h4 Re8 19. Bh5 Re7 20. a4 Be8 21. Bxe8
Rxe8 22. Rb1 b6 23. Rb5 Kf7 24. Re1 Rg8 25. Ba3 g5 26. hxg5 hxg5 27. Bd6 Rh6 28.
f3 g4 29. fxg4 Rxg4 30. Rbb1 Ke8 31. g3 Rf6 32. Re3 Kd7 33. Ba3 Nd8 34. Rf1 Rxf1+
35. Kxf1 Nf7 36. Kg2 Ng5 37. Bf8 Re4 38. Rxe4 Nxe4 39. g4 Ke8 40. Bh6 Nxc3 41. a5
bxa5 42. Bd2 Nb5 43. Bxa5 Nxd4 44. c3 Nc6 45. Bc7 Kd7 46. Bf4 e5 47. Bc1 Ke6 48.
Kf3 a5 0-1